Alliances of Vulnerable bodies (Record no. 949)

MARC details
000 -LEADER
campo de control de longitud fija 01802nam a22002537a 4500
008 - DATOS DE LONGITUD FIJA--INFORMACIÓN GENERAL
campo de control de longitud fija 160608b xxu||||| |||| 00| 0 eng d
082 ## - NÚMERO DE LA CLASIFICACIÓN DECIMAL DEWEY
Número de clasificación 701.18
Número de ítem C122a
100 ## - ENTRADA PRINCIPAL--NOMBRE DE PERSONA
Nombre de persona Lopez, Miguel A. ; Martinho, Teté (Editor)
9 (RLIN) 5179
245 ## - MENCIÓN DEL TÍTULO
Título Alliances of Vulnerable bodies
Resto del título Feminis, queer activism, and visual culture
Mención de responsabilidad, etc. Lopez, Miguel A. ; Martinho, Teté (Editor)
260 ## - PUBLICACIÓN, DISTRIBUCIÓN, ETC.
Lugar de publicación, distribución, etc. Sao paulo
Nombre del editor, distribuidor, etc. Servico social do comercio
Fecha de publicación, distribución, etc. 2015
300 ## - DESCRIPCIÓN FÍSICA
Extensión 136 pag
Otras características físicas ill. col
Dimensiones 24 cm
505 ## - NOTA DE CONTENIDO CON FORMATO
Título Editorial.
Mención de responsabilidad Solange O. Farkas. Teté Martinho.
Título Alliances of vulnerable bodies.
Mención de responsabilidad Miguel Lopez
Título The Porn-Art movement in Brazil/ "Fictional Genealogies" of southern pornographies.
Mención de responsabilidad Fernanda Nogueira
Título Dedication: a promptuary.
Mención de responsabilidad Catherine Lord
Título Implicated: Feminist art histories and affective pasts.
Mención de responsabilidad Julia Bryan - Wilson
Título How many "Hijas de perras" does it take to blow up world? Transgenic writting as homage to hija de perra (1980-2014)
Mención de responsabilidad Lucha Venegas, Cristian Cabello, and Jorge Díaz_ (CUDS, Chile)
Título Biji Diva!
Mención de responsabilidad Ming Wong
Título Museum, urban detritus, and pornography.
Mención de responsabilidad Paul B. Preciado
Título Voice to rhe movements of desire.
Mención de responsabilidad Serigrafistas Queer
Título Image Credits
-- Credits
-- It includes magazine "oiga 78, nª 44" and stencil
600 ## - PUNTO DE ACCESO ADICIONAL DE MATERIA--NOMBRE DE PERSONA
Nombre de persona Miguel A. Lopez
9 (RLIN) 4650
653 ## - TÉRMINO DE INDIZACIÓN--NO CONTROLADO
Término no controlado Critica y apreciacón - Arte
-- Arte - Feminismos
-- Arte - ensayos visuales
-- Arte - Activismo Homosexual
-- Arte y Cultura Visual
-- Arte - Porno
700 ## - ENTRADA AGREGADA--NOMBRE PERSONAL
Nombre de persona Solange O. Farkas. Teté Martinho.
9 (RLIN) 5180
700 ## - ENTRADA AGREGADA--NOMBRE PERSONAL
Nombre de persona Miguel Lopez
9 (RLIN) 5181
700 ## - ENTRADA AGREGADA--NOMBRE PERSONAL
Nombre de persona Fernanda Nogueira
9 (RLIN) 5182
700 ## - ENTRADA AGREGADA--NOMBRE PERSONAL
Nombre de persona Catherine Lord
9 (RLIN) 5183
700 ## - ENTRADA AGREGADA--NOMBRE PERSONAL
Nombre de persona Julia Bryan - Wilson
9 (RLIN) 5184
700 ## - ENTRADA AGREGADA--NOMBRE PERSONAL
Nombre de persona Lucha Venegas, Cristian Cabello, and Jorge Díaz_ (CUDS, Chile)
9 (RLIN) 5185
700 ## - ENTRADA AGREGADA--NOMBRE PERSONAL
Nombre de persona Ming Wong
9 (RLIN) 5186
700 ## - ENTRADA AGREGADA--NOMBRE PERSONAL
Nombre de persona Paul B. Preciado
9 (RLIN) 5187
700 ## - ENTRADA AGREGADA--NOMBRE PERSONAL
Nombre de persona Serigrafistas Queer
9 (RLIN) 5188
Holdings
Estatus retirado Estado de pérdida Fuente del sistema de clasificación o colocación Estado de daño No para préstamo Biblioteca de origen Biblioteca actual Ubicación en estantería Fecha de adquisición Total de préstamos Signatura topográfica completa Código de barras Visto por última vez Fecha del último préstamo Precio de reemplazo Tipo de ítem Koha
    Clasificación Decimal Dewey     Biblioteca LadoV Biblioteca LadoV   08/06/2016 1 701.18 C122a 004184 04/08/2018 26/06/2018 08/06/2016 Material 01